Statystyki dla Zawodnicy z kadry J. Engela

Kliknij tutaj aby rozwiązać quiz!

Ogólne statystyki

  • Ten quiz został rozwiązany 112 razy
  • Średni wynik to 19 z 39

Statystyki odpowiedzi

Ilość występówZawodnik% Poprawnych
21Jerzy Dudek
96%
19Emmanuel Olisadebe
93%
18Marcin Żewłakow
90%
25Michał Żewłakow
90%
18Tomasz Hajto
87%
9Maciej Żurawski
83%
13Jacek Bąk
76%
12Arkadiusz Bąk
75%
19Tomasz Wałdoch
75%
24Jacek Krzynówek
72%
2Tomasz Frankowski
69%
24Tomasz Kłos
65%
25Paweł Kryszałowicz
64%
18Radosław Kałużny
64%
6Radosław Majdan
61%
3Kamil Kosowski
60%
6Adam Matysek
59%
15Tomasz Iwan
54%
23Piotr Świerczewski
53%
21Marek Koźmiński
50%
3Arkadiusz Głowacki
49%
16Bartosz Karwan
43%
9Tomasz Rząsa
43%
17Jacek Zieliński
40%
5Andrzej Juskowiak
39%
3Paweł Sibik
36%
4Maciej Murawski
27%
2Cezary Kucharski
25%
10Tomasz Zdebel
21%
6Mariusz Kukiełka
18%
7Radosław Gilewicz
16%
5Tomasz Kiełbowicz
13%
2Marcin Mięciel
12%
2Piotr Reiss
12%
2Krzysztof Bizacki
10%
2Radosław Michalski
9%
2Jakub Wierzchowski
8%
5Paweł Kaczorowski
8%
2Marek Zając
6%

Rozkład punktacji

Percentyl według liczby udzielonych odpowiedzi

Procent ludzi z każdym wynikiem

Twoja historia wyników

Nie rozwiązałeś tego quizu